Real Fábrica de Tapices, 1721-1971 / (Record no. 196847)

MARC details
000 -LEADER
campo de control de longitud fija 01168nam a2200325 i 4500
001 - NÚMERO DE CONTROL
campo de control 196847
003 - IDENTIFICADOR DE NÚMERO DE CONTROL
campo de control ES-MaREB
005 - FECHA Y HORA DE LA ÚLTIMA TRANSACCIÓN
campo de control 20250110063046.0
007 - CAMPO FIJO DE DESCRIPCIÓN FÍSICA--INFORMACIÓN GENERAL
campo de control de longitud fija ta
008 - DATOS DE LONGITUD FIJA--INFORMACIÓN GENERAL
campo de control de longitud fija 250108s1971 sp || |||| 0|spa c
017 ## - NÚMERO DE COPYRIGHT O DE DEPÓSITO LEGAL
Número de copyright o de depósito legal M 27381-1971
035 ## - NÚMERO DE CONTROL DEL SISTEMA
Número de control de sistema ES-VlRAB001818031
035 ## - NÚMERO DE CONTROL DEL SISTEMA
Número de control de sistema CCBIP01307480
040 ## - FUENTE DE CATALOGACIÓN
Centro catalogador/agencia de origen RABEL
Lengua de catalogación spa
Centro/agencia transcriptor ES-MaACL
080 ## - NÚMERO DE LA CLASIFICACIÓN DECIMAL UNIVERSAL
Número de la Clasificación Decimal Universal 745.52:061.5(460.27 M.)Fábr. de Tapices(091)
100 1# - ENTRADA PRINCIPAL--NOMBRE DE PERSONA
Nombre de persona Iparaguirre, Enrique.
9 (RLIN) 239426
245 10 - MENCIÓN DEL TÍTULO
Título Real Fábrica de Tapices, 1721-1971 /
Mención de responsabilidad, etc. Enrique Iparaguirre, Carlos Dávila.
260 ## - PUBLICACIÓN, DISTRIBUCIÓN, ETC.
Lugar de publicación, distribución, etc. [Madrid] :
Nombre del editor, distribuidor, etc. [Real Fábrica de Tapices],
Fecha de publicación, distribución, etc. D.L. 1971.
300 ## - DESCRIPCIÓN FÍSICA
Extensión 128 p., [38] p. de lám. ;
Dimensiones 27 cm.
336 ## - TIPO DE CONTENIDO
Fuente rdacontent
Término de tipo de contenido texto
337 ## - TIPO DE MEDIO
Fuente rdamedia
Nombre/término del tipo de medio sin mediación
338 ## - TIPO DE SOPORTE
Fuente rdacarrier
Nombre/término del tipo de soporte volumen
610 #0 - PUNTO DE ACCESO ADICIONAL DE MATERIA--NOMBRE DE ENTIDAD CORPORATIVA
Nombre de entidad corporativa o nombre de jurisdicción como elemento de entrada Real Fábrica de Tapices de Santa Bárbara-
9 (RLIN) 220138
Subdivisión general Historia
700 1# - ENTRADA AGREGADA--NOMBRE PERSONAL
Nombre de persona Dávila, Carlos
9 (RLIN) 148430
852 ## - LOCALIZACIÓN
Ubicación ES-MaACL
Número de control de estantería G-16003
Ubicación en estantería Depósito 2
Donativo/Legado Legado: Juan Antonio Porto
itemnumber 204498
903 ## - NOMBRE PERSONAL DE DONANTE
9 93285
a Porto, Juan Antonio,
d 1937-2021
e Donante
942 ## - ELEMENTOS DE ENTRADA SECUNDARIOS (KOHA)
Suprimir en OPAC No
Tipo de ítem Koha Libro impreso
Holdings
Estatus retirado Estado de pérdida Fuente del sistema de clasificación o colocación Estado de daño No para préstamo Biblioteca de origen Biblioteca actual Ubicación en estantería Fecha de adquisición Fuente de adquisición Total de préstamos Signatura topográfica completa Código de barras Visto por última vez Precio de reemplazo Tipo de ítem Koha
    Clasificación decimal universal     Biblioteca del Ateneo de Madrid Biblioteca del Ateneo de Madrid Depósito 2 08/01/2025 Legado   G-16003 101229312 08/01/2025 08/01/2025 Libro impreso